<?xml version="1.0" encoding="UTF-8"?><?xml-stylesheet type="text/xsl" href="static/style.xsl"?><OAI-PMH xmlns="http://www.openarchives.org/OAI/2.0/" xmlns:xsi="http://www.w3.org/2001/XMLSchema-instance" xsi:schemaLocation="http://www.openarchives.org/OAI/2.0/ http://www.openarchives.org/OAI/2.0/OAI-PMH.xsd"><responseDate>2026-06-02T03:52:23Z</responseDate><request verb="GetRecord" identifier="oai:riuma.uma.es:10630/6578" metadataPrefix="marc">https://riuma.uma.es/rest/oai/request</request><GetRecord><record><header><identifier>oai:riuma.uma.es:10630/6578</identifier><datestamp>2026-02-03T12:52:45Z</datestamp><setSpec>com_10630_5701</setSpec><setSpec>com_10630_3139</setSpec><setSpec>com_10630_10</setSpec><setSpec>col_10630_6572</setSpec></header><metadata><record xmlns="http://www.loc.gov/MARC21/slim" xmlns:dcterms="http://purl.org/dc/terms/" xmlns:doc="http://www.lyncode.com/xoai" xmlns:xsi="http://www.w3.org/2001/XMLSchema-instance" xsi:schemaLocation="http://www.loc.gov/MARC21/slim http://www.loc.gov/standards/marcxml/schema/MARC21slim.xsd">
   <leader>00925njm 22002777a 4500</leader>
   <datafield ind2=" " ind1=" " tag="042">
      <subfield code="a">dc</subfield>
   </datafield>
   <datafield ind2=" " ind1=" " tag="720">
      <subfield code="a">Navarro-Rodríguez, Susana Rosa</subfield>
      <subfield code="e">author</subfield>
   </datafield>
   <datafield ind2=" " ind1=" " tag="720">
      <subfield code="a">Larrubia-Vargas, Remedios</subfield>
      <subfield code="e">author</subfield>
   </datafield>
   <datafield ind2=" " ind1=" " tag="260">
      <subfield code="c">2008</subfield>
   </datafield>
   <datafield ind2=" " ind1=" " tag="520">
      <subfield code="a">En este trabajo vamos a analizar la evolución del espacio agrario de la comarca de la&#xd;
Axarquía en el último cuarto del siglo XX, momento en que se aprecia claramente un importante&#xd;
retroceso de la superficie cultivada y una reorganización de los usos agrarios, dejando la comarca&#xd;
de responder a una lógica económica basada prioritariamente en la actividad agraria. Analizaremos&#xd;
la evolución experimentada por los dos grandes sistemas de cultivos -secano y regadío- y sus&#xd;
resultados económicos, puesto que ha sido la mermada capacidad de generar ingresos de los&#xd;
primeros, una de las razones explicativas de su difícil situación frente a la competencia de otros usos&#xd;
alternativos, frente a los segundos cuyos resultados económicos han permitido la supervivencia&#xd;
de la actividad agrícola, eso sí, cada vez más amenazada por la disminución de los márgenes de&#xd;
ganancia y por las tentaciones de la venta para urbanización de las tierras</subfield>
   </datafield>
   <datafield ind2=" " ind1=" " tag="520">
      <subfield code="a">In this paper the evolution of the agricultural area of the Axarquia district during the&#xd;
last quarter of the past century is discussed. Over the period studied can be observed some&#xd;
reorganization, the retreat from agricultural activity, and diminish of the area, which previously&#xd;
was cultivated. This process causes changes of the economic situation of Axarquia region, based&#xd;
before on agriculture. For analysis presented in this paper two types of cultivation systems have&#xd;
been studied: rainfed and irrigated crops, and also their economic performance. The study shows&#xd;
clearly that from the point of view or economy, the second system is much more attractive, what&#xd;
implies competitive difficulties for the first cultivation system. Because of that the agricultural&#xd;
activity, if any, bases mainly on the second type of cultivation, however, nowdays even that one&#xd;
is diminished and there is growing sale threatening of the land for urbanization.</subfield>
   </datafield>
   <datafield ind1="8" ind2=" " tag="024">
      <subfield code="a">NAVARRO RODRÍGUEZ, S. R.; LARRUBIA VARGAS, R. "La organización del espacio agrario en la comarca malagueña de la Axarquía" Baetica, 30, 2008, 91-113</subfield>
   </datafield>
   <datafield ind1="8" ind2=" " tag="024">
      <subfield code="a">0212-5099</subfield>
   </datafield>
   <datafield ind1="8" ind2=" " tag="024">
      <subfield code="a">http://hdl.handle.net/10630/6578</subfield>
   </datafield>
   <datafield tag="653" ind2=" " ind1=" ">
      <subfield code="a">Agricultura - Axarquía (Málaga) - S. XX</subfield>
   </datafield>
   <datafield ind2="0" ind1="0" tag="245">
      <subfield code="a">La organización del espacio agrario en la comarca malagueña de la Axarquía</subfield>
   </datafield>
</record>
</metadata></record></GetRecord></OAI-PMH>